000
00355 a2200169 4500
001
182206
020
_a
85-7232-542-5
040
_c
Magnum
100
_a
Azevedo, Aluísio
240
1
0
_a
Casa de pensão
_l
por
245
1
0
_a
Casa de pensão
300
_a
278
362
0
_a
2003
440
1
_a
Martin Claret
697
_a
LITERATURA GERAL
942
_c
BK
999
_c
182206
_d
182206